| 000 | 005330000a22001810004500 | ||
|---|---|---|---|
| 003 | MACL | ||
| 005 | 20160602131513.0 | ||
| 008 | 160602b xxu||||| |||| 00| 0 eng d | ||
| 040 |
_aMACL _cMACL |
||
| 041 | _aHindi | ||
| 082 | _a920 | ||
| 100 |
_aमधुरेश _941246 |
||
| 245 |
_aदेवकीनन्दन खत्री _cमधुरेश |
||
| 260 |
_bसाहित्य अकादेमी _c1995 _aदिल्ली |
||
| 350 | _a15 | ||
| 650 |
_aBiography _961622 |
||
| 942 |
_cHIN _k920/MAD _2ddc |
||
| 999 |
_c19655 _d19655 |
||